000 00498nam a22001937a 4500
005 20251108174549.0
008 250721s9999 xx 000 0 ara d
082 1 4 _aط/216.25/حج
245 1 0 _aالحج و العمرة /
264 1 _aد.م :
_b123 Publishing House،
300 _a24ص.
490 0 _atheir future
650 1 7 _aالاسلام
650 1 7 _aالحج
650 1 7 _aالعمره
653 _aناشاون صغار (10-14) سنه
942 _2ddc
_cBK
999 _c112356
_d112356